| 000 | 00538cam a2200193 4500 | ||
|---|---|---|---|
| 001 | D16070 | ||
| 008 | 090401t1968 xxu||||| |||| 00| 0 eng d | ||
| 035 | _a(Sirsi) u26963 | ||
| 041 | _aeng | ||
| 110 | _aChartered Auctioneers and Estate Agents` Institute | ||
| 245 | _aReport and accounts for the year ended 31st December, 1968 | ||
| 260 |
_bCAEAI _c1968 |
||
| 300 | _a19p | ||
| 350 | _a0 | ||
| 520 | _aFiled in box 1968/30 A | ||
| 710 |
_aLiverpool and district and North Wales branch _91321 |
||
| 942 | _n0 | ||
| 948 | _c04/03/1997 | ||
| 999 |
_c89018 _d89018 |
||